000 00645nam a2200205Ii 4500
003 JO-AjNU
008 230605s9999||||xx |||||||||||||| ||und||
040 _aJO-AjNU
_bara
_erda
_cJO-AjNU
041 _aara
050 1 4 _aPJ7519.H4.Q2792 1988
100 3 _aالقيسي، نوري حمودي,
_eauthor
_914008
245 0 0 _aالبطل في التراث
250 _aط1
264 3 1 _aبغداد: دار الشؤون الثقافية، 1988
300 _a140ص
336 _atext
_btxt
_2rdacontent
337 _aunmediated
_bn
_2rdamedia
338 _avolume
_bnc
_2rdacarrier
650 4 _aالأدب العربي - تاريخ ونقد
_914009
999 _aA3633
_c7201
_d7201